'T' Literary Character Match Quiz Stats

 Plays Quiz not verified by Sporcle

Score 0/20 Timer 04:00
0 Plays Today
% Correct
Tinkerbell
94.7%
Tybalt
87%
Tom Buchanan
75.6%
Tom Joad
72.6%
Theon Greyjoy
71.6%
Tyler Durden
69.8%
Teddy Lupin
65.8%
Tom Bombadil
56%
Thérèse Defarge
53.5%
Tris Prior
48.6%
% Correct
Thresh
43.1%
Toru Watanabe
41.6%
Trillian
40.7%
Thalia Grace
29.4%
Thad Beaumont
29%
Terkoz
26%
Taran
25.5%
Thufir Hawat
24.5%
Turtle Wexler
21.2%
Tiffany Aching
21%

You're not logged in!

Compare scores with friends on all Sporcle quizzes.
OR
Log In

You Might Also Like...

Show Comments

Extras

Top Quizzes Today


Score Distribution

Your Account Isn't Verified!

In order to create a playlist on Sporcle, you need to verify the email address you used during registration. Go to your Sporcle Settings to finish the process.

Report this User

Report this user for behavior that violates our Community Guidelines.

Details: